000 00874nam a22002417a 4500
003 UA-OsUOA
001 53398
007 ta
008 20151020b un ||||| |||| 00| 0 ukr d
100 _aМартинець В.
090 _a09.-94(477).08
_bМ29
942 _cBK
040 _aUA-OsUOA
_bukr
_cUA-OsUOA
_dUA-OsUOA
245 _aУкраїнське підпілля.Від УВО до ОУН
_bспогади й матеріяли до передісторії та історії українського організованого націоналізму
300 _a349 + LXXVI с.
955 _a4
041 _aukr
080 _a09.-94(477).08
260 _c1949
650 7 _a0 Загальний відділ.
_2UDC
999 _c433516
_d433516